| 000 | 00590nam a2200205 i 4500 | ||
|---|---|---|---|
| 001 | 105495 | ||
| 003 | ES-MaACL | ||
| 005 | 20230906183914.0 | ||
| 007 | t| | ||
| 008 | 060719s1962 mx ||||1| spa d | ||
| 080 | _a94(460)"19" | ||
| 100 | 1 |
_aRama, Carlos M. _995058 |
|
| 245 | 1 | 3 |
_aLa crisis española del siglo XX / _cCarlos M. Rama. |
| 250 | _a2ª ed. | ||
| 260 |
_aMéxico : _bFondo de Cultura Económica, _c1962. |
||
| 300 |
_a384 p. ; _c22 cm. |
||
| 500 | _aBiblioteca Juan Andrade. | ||
| 651 | 4 |
_aEspaña- _xHistoria- _yS.XX. _9138832 |
|
| 852 |
_aES-MaACL _jAND-284 _bR.109601 |
||
| 999 |
_c105495 _d105495 |
||